000 00808nam0a22002411 4500
001 rc\2844978
005 20250529203358.0
035 _a(NLR Aleph) 007000871
090 _a5719391
_c5719391
100 _a20110701d1927 |||y0rusy50 ca
101 0 _arus
102 _aRU
105 _aa z |||||
200 1 _aБелогвардеец
_eРассказ
_fПетр Орешин
210 _a[Москва]
_cБ. и.
_d[1927]
_eМосква
_g1-я Образцовая тип. Госиздата
215 _a[16] с.
_cил. в 2 краски
_d15х11 см
300 _aОтпечатано синей краской
700 1 _aОрешин
_bП.В.
_f1887-1938
_gПетр Васильевич
801 0 _aRU
_bNLR
_gpsbo
801 1 _aRU
_bELAR
_2rusmarc
852 _aNLR
_j62/2398
942 _cBOOK
980 _aNB